| 000 | 00474nam a2200157 4500 | ||
|---|---|---|---|
| 001 | 117457 | ||
| 003 | ES-MaACL | ||
| 005 | 20230906190916.0 | ||
| 007 | t| | ||
| 008 | 070214s1982 sp r ||||1| spa d | ||
| 100 | 1 |
_aPerales Benito, Tomás. _990362 |
|
| 245 | 1 | 0 |
_aMedidores digitales _b: instrumentación lineal y digital / _cTomás Perales Benito. |
| 260 |
_aMadrid : _bParaninfo, _c1982. |
||
| 300 |
_a205 p. : _bil. ; _c22 cm. |
||
| 852 |
_aES-MaACL _jL-3131 _bR.102957 |
||
| 999 |
_c117457 _d117457 |
||